Algunos aspectos de la poesía de giuseppe ungaretti /
Guardado en:
| Autor Principal: | |
|---|---|
| Formato: | Libro |
| Publicado: |
Buenos Aires :
Instituto italiano di cultura,
1967
|
| Materias: | |
| Etiquetas: |
Agregar Etiqueta
Sin Etiquetas, Sea el primero en etiquetar este registro!
|
| LEADER | 00605nam a22002055a 4500 | ||
|---|---|---|---|
| 001 | CEM.cems001852 | ||
| 005 | 20060214000000.0 | ||
| 008 | 130507s1967##################000#0#####d | ||
| 003 | CEMS | ||
| 082 | 0 | 4 | |a 851.9 |
| 100 | 1 | |a Cro, Stelio | |
| 245 | 1 | 0 | |a Algunos aspectos de la poesía de giuseppe ungaretti / |
| 260 | |a Buenos Aires : |b Instituto italiano di cultura, |c 1967 | ||
| 300 | |a 21 p. | ||
| 653 | |a Ensayo italiano | ||
| 653 | |a Literatura | ||
| 653 | |a Literatura italiana | ||
| 653 | |a Poesia-ensayo | ||
| 653 | |a Ungaretti guiseppe-poesia | ||
| 859 | |a CEMS |b BIB. CEMS - 11 de abril |h 851.9 |i C87 |p 10393.81 |t Ej.1 | ||
